Topological algebras /
Guardado en:
| Autor Principal: | |
|---|---|
| Otros Autores: | , |
| Formato: | Libro |
| Idioma: | English |
| Publicado: |
Amsterdam :
North-Holland,
1977.
|
| Series: | North-Holland mathematics studies ;
24 Notas de matemática (Rio de Janeiro, Brasil) ; no. 60. |
| Materias: | |
| Etiquetas: |
Agregar Etiqueta
Sin Etiquetas, Sea el primero en etiquetar este registro!
|
| LEADER | 00928cam a2200265 a 4500 | ||
|---|---|---|---|
| 001 | MAT.inmabb002623 | ||
| 008 | 770203s1977####ne#######b####001#0#eng## | ||
| 005 | 20110316172137.0 | ||
| 245 | 1 | 0 | |a Topological algebras / |c Edward Beckenstein, Lawrence Narici, Charles Suffel. |
| 260 | |a Amsterdam : |b North-Holland, |c 1977. | ||
| 300 | |a xii, 370 p. ; |c 24 cm. | ||
| 440 | 0 | |a North-Holland mathematics studies ; |v 24 | |
| 490 | 1 | |a Notas de matemática ; |v 60 | |
| 504 | |a Incluye referencias bibliográficas (p. 349-362) e índice. | ||
| 510 | 4 | |a MR, |c 57 #13495 | |
| 020 | |a 0720407249 | ||
| 100 | 1 | |a Beckenstein, Edward, |d 1940- | |
| 700 | 1 | |a Narici, Lawrence. | |
| 700 | 1 | |a Suffel, Charles. | |
| 830 | 0 | |a Notas de matemática (Rio de Janeiro, Brasil) ; |v no. 60. | |
| 650 | 0 | |a Topological algebras. | |
| 084 | |a 46Jxx (46Hxx 54C40) |2 msc2000 | ||
| 010 | |a 77001127 | ||
| 040 | |a DLC |c DLC |d DLC | ||
| 859 | |h 46 |i B394 |p A-5051 |b BIB. MATEMATICA | ||
